NLSUI OPAC header image

The innovator's toolkit : 10 practical strategies to help you develop and implement innovation (Record no. 27259)

MARC details
000 -LEADER
fixed length control field 01185nam a2200217Ia 4500
003 - CONTROL NUMBER IDENTIFIER
control field OSt
005 - DATE AND TIME OF LATEST TRANSACTION
control field 20210127150652.0
008 - FIXED-LENGTH DATA ELEMENTS--GENERAL INFORMATION
fixed length control field 160316s2009 xxu||||| |||| 00| 0 eng d
020 ## - INTERNATIONAL STANDARD BOOK NUMBER
International Standard Book Number 978-1422199909
040 ## - CATALOGING SOURCE
Transcribing agency nls
082 ## - DEWEY DECIMAL CLASSIFICATION NUMBER
Classification number 658.4
Item number INN
100 ## - MAIN ENTRY--PERSONAL NAME
Personal name
245 ## - TITLE STATEMENT
Title The innovator's toolkit : 10 practical strategies to help you develop and implement innovation
260 ## - PUBLICATION, DISTRIBUTION, ETC.
Place of publication, distribution, etc. Boston
Name of publisher, distributor, etc. Harvard Business Review
Date of publication, distribution, etc. 2009
300 ## - PHYSICAL DESCRIPTION
Extent 272p
Dimensions xiii
365 ## - TRADE PRICE
Price amount Rs. 495
505 ## - FORMATTED CONTENTS NOTE
Formatted contents note Contents; <br/>Introduction;<br/>1. Types of Innovation; <br/>2. Idea Generation;<br/>3. Recognizing Opportunities; <br/>4. From Recognition to Support; <br/>5. Early Tests of Business Potential; <br/>6. Types of Strategy;.<br/>7. Strategic Moves;<br/>8. The S-Curve and Its Strategic Lessons;<br/>9. Finding the Future; <br/>10. Placing Strategic Bets;<br/>11. Human Creativity;<br/>12. Working through Creative Groups;<br/>13. Toward a Creativity-Friendly Workplace; <br/>14. Leaders Can Make a Difference; <br/>Appendix A: Writing a Business Plan; <br/>Appendix B: Workplace Assessment Checklist;<br/>Notes;<br/>Glossary;<br/>Index.<br/>
650 ## - SUBJECT ADDED ENTRY--TOPICAL TERM
Topical term or geographic name entry element 1. Technological Innovations2. Creative Ability In Business
700 ## - ADDED ENTRY--PERSONAL NAME
Personal name
--
942 ## - ADDED ENTRY ELEMENTS (KOHA)
Source of classification or shelving scheme Dewey Decimal Classification
Koha item type BOOKs
Holdings
Withdrawn status Lost status Damaged status Not for loan Home library Current library Shelving location Date acquired Cost, normal purchase price Total Checkouts Full call number Barcode Date last seen Price effective from Koha item type
        . . NAB Compactor 30.05.2017 495.00   658.4 INN 24741 30.05.2017 30.05.2017 BOOKs